Welcome to CU Library Online Public Access Catalogue (OPAC)

The management of innovation / (Record no. 5064)

MARC details
000 -LEADER
fixed length control field 01059cam a2200277 a 4500
001 - CONTROL NUMBER
control field 2566532
005 - DATE AND TIME OF LATEST TRANSACTION
control field 20250322095903.0
008 - FIXED-LENGTH DATA ELEMENTS--GENERAL INFORMATION
fixed length control field 950324s1994 enk b 001 0 eng
020 ## - INTERNATIONAL STANDARD BOOK NUMBER
International Standard Book Number 0198288786 (pbk.)
020 ## - INTERNATIONAL STANDARD BOOK NUMBER
International Standard Book Number 0198288778 (hard)
050 04 - LIBRARY OF CONGRESS CALL NUMBER
Classification number HD31
Item number .B83 1994
082 00 - DEWEY DECIMAL CLASSIFICATION NUMBER
Classification number 658.4
Edition information 20
100 1# - MAIN ENTRY--PERSONAL NAME
Personal name Burns, Tom,
Dates associated with a name 1913-
245 14 - TITLE STATEMENT
Title The management of innovation /
Statement of responsibility, etc. Tom Burns and G.M. Stalker.
250 ## - EDITION STATEMENT
Edition statement Rev. ed.
260 ## - PUBLICATION, DISTRIBUTION, ETC.
Place of publication, distribution, etc. Oxford ;
-- New York :
Name of publisher, distributor, etc. Oxford University Press,
Date of publication, distribution, etc. 1994.
300 ## - PHYSICAL DESCRIPTION
Extent xxxv, 269 p.;
Dimensions 22 cm.
650 #0 - SUBJECT ADDED ENTRY--TOPICAL TERM
Topical term or geographic name entry element Industrial management.
650 #0 - SUBJECT ADDED ENTRY--TOPICAL TERM
Topical term or geographic name entry element Electronic industries
Geographic subdivision Great Britain.
650 #0 - SUBJECT ADDED ENTRY--TOPICAL TERM
Topical term or geographic name entry element Technological innovations.
700 1# - ADDED ENTRY--PERSONAL NAME
Personal name Stalker, G. M.
Fuller form of name (George Macpherson)
856 42 - ELECTRONIC LOCATION AND ACCESS
Materials specified Publisher description
Uniform Resource Identifier <a href="http://www.loc.gov/catdir/enhancements/fy0604/95131301-d.html">http://www.loc.gov/catdir/enhancements/fy0604/95131301-d.html</a>
856 41 - ELECTRONIC LOCATION AND ACCESS
Materials specified Table of contents only
Uniform Resource Identifier <a href="http://www.loc.gov/catdir/enhancements/fy0604/95131301-t.html">http://www.loc.gov/catdir/enhancements/fy0604/95131301-t.html</a>
856 42 - ELECTRONIC LOCATION AND ACCESS
Materials specified Contributor biographical information
Uniform Resource Identifier <a href="http://www.loc.gov/catdir/enhancements/fy0723/95131301-b.html">http://www.loc.gov/catdir/enhancements/fy0723/95131301-b.html</a>
942 ## - ADDED ENTRY ELEMENTS (KOHA)
Source of classification or shelving scheme Library of Congress Classification
Koha item type Books
Suppress in OPAC No
999 ## -
-- 5064
-- 5064
Holdings
Withdrawn status Lost status Source of classification or shelving scheme Damaged status Not for loan Collection Home library Current library Shelving location Date acquired Total checkouts Full call number Barcode Date last seen Copy number Price effective from Koha item type
    Library of Congress Classification     Non-fiction Undergraduate Library (Christ Temple) Undergraduate Library (Christ Temple) General stacks 03/22/2025   HD31.B83 BUR ulct00001870 03/22/2025 1 03/22/2025 Books
    Library of Congress Classification     Non-fiction Undergraduate Library (Christ Temple) Undergraduate Library (Christ Temple) General stacks 03/22/2025   HD31.B83 BUR ulct00001871 03/22/2025 2 03/22/2025 Books
© 2023-2024 Copyright: Central University Libraries. All Rights Reserved | Created by: Mahone Tech Office